000 00210nam a22000857a 4500
008 160716b xxu||||| |||| 00| 0 eng d
100 _92971
_a Spryi
245 _aHeidi
260 _aNew Delhi
_bOrient Publication
_c2003
999 _c2534
_d2534